| 000 | 00531nam a22001337a 4500 | ||
|---|---|---|---|
| 040 | _cRUA | ||
| 082 | _aAVM KIM 2001 B072 Or.1 | ||
| 100 | _aKIMSAN, SOPHORN. | ||
| 245 | _aStudies of digestibility of ensilge cassava leaves on piglets, ការសិក្សានៃលទ្ធភាពរំលាយអាហាររបស់កូនជ្រូក ដោយប្រើស្លឹកដំឡូងមី | ||
| 260 |
_aPhnom Penh _bRUA _c2001 |
||
| 300 |
_avi; 39p. _bill. _c29cm. |
||
| 856 | _u KIMSAN SOPHORN | ||
| 942 | _cAVM | ||
| 999 |
_c1885 _d1885 |
||